ثمر / (Record no. 107540)

MARC details
000 -LEADER
fixed length control field 00751nam a22002537a 4500
005 - DATE AND TIME OF LATEST TRANSACTION
control field 20170123162327.0
010 ## - LIBRARY OF CONGRESS CONTROL NUMBER
LC control number B-069899
020 ## - INTERNATIONAL STANDARD BOOK NUMBER
Terms of availability 65.00
035 ## - SYSTEM CONTROL NUMBER
System control number B-069899
037 ## - SOURCE OF ACQUISITION
Source of stock number/acquisition Cen Lib/Ret
040 ## - CATALOGING SOURCE
Original cataloging agency DPL
Language of cataloging UR
082 ## - DEWEY DECIMAL CLASSIFICATION NUMBER
Classification number ن
Item number ا ے آ
100 ## - MAIN ENTRY--PERSONAL NAME
Personal name اے-آر-خاتون
9 (RLIN) 119980
245 ## - TITLE STATEMENT
Title ثمر /
Statement of responsibility, etc اے-آر-خاتون
246 ## - VARYING FORM OF TITLE
Title proper/short title Samar /
Remainder of title by A.R. Khatoon
260 ## - PUBLICATION, DISTRIBUTION, ETC. (IMPRINT)
Place of publication, distribution, etc دہلی
Name of publisher, distributor, etc ہمانشو پبلکشنس
270 ## - ADDRESS
City دہلی
Address وشواس انکلیو پتمپر
Postal code 110034
300 ## - PHYSICAL DESCRIPTION
Extent 104p.
Dimensions 19cm(Hb)
650 ## - SUBJECT ADDED ENTRY--TOPICAL TERM
Topical term or geographic name as entry element اردو ادب
9 (RLIN) 141774
650 ## - SUBJECT ADDED ENTRY--TOPICAL TERM
Topical term or geographic name as entry element اردو ناول
9 (RLIN) 141775
650 ## - SUBJECT ADDED ENTRY--TOPICAL TERM
Topical term or geographic name as entry element Urdu lierature
9 (RLIN) 141776
650 ## - SUBJECT ADDED ENTRY--TOPICAL TERM
Topical term or geographic name as entry element Urdu novel
9 (RLIN) 141777
942 ## - ADDED ENTRY ELEMENTS (KOHA)
Source of classification or shelving scheme Dewey Decimal Classification
Koha item type Urdu Bks
Classification part ن
Call number suffix ا ے آ
Holdings
Withdrawn status Lost status Damaged status Not for loan Home library Current library Date acquired Source of acquisition Cost, normal purchase price Total Checkouts Full call number Barcode Date last seen Date checked out Copy number Cost, replacement price Price effective from Koha item type
        Central Library Central Library 08/01/2016 Cen Lib/Ret 65.00 1 ن ا ے آ B-069899 20/09/2018 08/09/2018 1 65.00 15/09/2016 Urdu Bks

© Delhi Public Library
Hit Counter
free hit counter